00541nam a2200181Ia 4500008004100000020002200041041000800063082001500071100001600086245001300102260004100115300001400156365000800170650001400178700001600192999002100208952013000229260330s2018 xx 000 0 und d a978-0-7499-5365-2 aeng a658.4bGOS aGODIN, SETH aLICHIPIN aNew YorkbPIATKUS GREAT BRITANc2018 a244pgbPB cRs. aSelf-Help aGODIN, SETH c1218215d1218215 00104070aAKSbAKSd2026-01-21eBMSGB, Puneg449.10l0o658.4/GOSpAKS-C-04695r2026-03-30 00:00:00v449.10w2026-03-30yBK